Library Banner

Cognitive internet of medical things for smart healthcare : (Record no. 124562)

MARC details
000 -LEADER
fixed length control field 00577nam a22001817a 4500
005 - DATE AND TIME OF LATEST TRANSACTION
control field 20211104094647.0
008 - FIXED-LENGTH DATA ELEMENTS--GENERAL INFORMATION
fixed length control field 211015b ||||| |||| 00| 0 eng d
020 ## - INTERNATIONAL STANDARD BOOK NUMBER
International Standard Book Number 9783030558321
040 ## - CATALOGING SOURCE
Transcribing agency PK-LaUMT
082 ## - DEWEY DECIMAL CLASSIFICATION NUMBER
Classification number 004.678
Item number COG-
245 ## - TITLE STATEMENT
Title Cognitive internet of medical things for smart healthcare :
Remainder of title services and applications /
Statement of responsibility, etc edited by Aboul Ella Hassanien . . . [et al.]
260 ## - PUBLICATION, DISTRIBUTION, ETC. (IMPRINT)
Place of publication, distribution, etc Cham, Switzerland :
Name of publisher, distributor, etc Springer,
Date of publication, distribution, etc 2021
300 ## - PHYSICAL DESCRIPTION
Extent 227 p.
650 ## - SUBJECT ADDED ENTRY--TOPICAL TERM
Topical term or geographic name as entry element Internet of things
650 ## - SUBJECT ADDED ENTRY--TOPICAL TERM
Topical term or geographic name as entry element Cloud computing
650 ## - SUBJECT ADDED ENTRY--TOPICAL TERM
Topical term or geographic name as entry element Biomedical engineering
942 ## - ADDED ENTRY ELEMENTS (KOHA)
Koha item type Books
Holdings
Withdrawn status Lost status Damaged status Home library Current library Date acquired Full call number Barcode Date last seen Price effective from Koha item type
      UMT Main Campus UMT Main Campus 2021-11-04 004.678 COG- 139158 2021-11-04 2021-11-04 Books